Statistics for Countries Bordering Laos

Click here to take the quiz!

General Stats

  • This quiz has been taken 94 times
  • The average score is 5 of 5

Answer Stats

Country% Correct
China
98%
Thailand
98%
Cambodia
96%
Vietnam
96%
Myanmar
93%

Score Distribution

Percentile by Number Answered

Percent of People with Each Score

Your Score History

You have not taken this quiz